Datum a čas kvízu
24
Celkem bodů
Celkový počet nahraných bodů na tomto kvízu bez doplňovacích otázek.
8.
Pořadí na kvízu
Konečné umístění týmu na tomto kvízu.
Zaznamenané odpovědi
| # | Otázka | Odpověď | Body | Výsledky |
|---|---|---|---|---|
| 1. | Který sběratelský předmět byl... | poštovní známka | 1 | |
| 2. | V úterý se v jisté evropské mo... | Španělsko, princezna Leonor | 0 | |
| 3. | Jedna kapela ve čtvrtek vydala... | The Beatles | 1 | |
| 4. | Minulý týden otevřel jistý ame... | Popeye's | 1 | |
| 5. | Minulý týden proběhlo předáván... | Novak Djoković | 0 | |
| -14. | O které významné ženě 18. stol... | o Marii Antoinettě | 0 | |
| -13. | Ze dřeva kterého stromu bývají... | z dubového dřeva | 0 | |
| -14. | Jak se v antické mytologii jme... | Dionýsos | 0 | |
| -11. | Vinařská oblast Morava se dělí... | Velkopavlovická | 0 | |
| -10. | Snaha zabránit plýtvání při zp... | grappa | 0 |